000 01553nam a2200397Ia 4500
001 dia_5795
003 CHAP
005 20240125134404.0
007 ta
008 220117s1980 mx e f 001 0 spa d
040 _cCHAP
_amxchpua
090 _aT.C.101
_bP66 ETIPA
_c1980
245 1 0 _aSociedad Cooperativa Trabajadores de Pascual, S. C. L. /
_ccoordinador Pedro Ponce Hernández ; colaboradores Juvenal Campos Pineda, José Rodolfo García Nava y Luis Gerardo Granados Pinon
260 _aMéxico :
_bEl autor,
_c1980
300 _acerca 150 hojas
336 _2rdacontent
_atexto
_btxt
337 _2rdamedia
_asin medio
_bn
338 _2rdacarrier
_avolumen
_bnc
502 _aViaje de estudios
_b(ETIPA) --
_cUACh. Departamento de Ingeniería Agroindustrial,
_d1980
504 _aIncluye bibliografía
505 0 0 _a2 planos: 1. Planta sur (Esc. 1:500) 2. Diagrama de elaboración de Tetra-Pak
650 1 3 _aIndustria de bebidas
_zMéxico
_zDistrito Federal
650 1 3 _aJugos de fruta
_962307
650 1 3 _aBeverage industry
_zMexico
_zDistrito Federal
650 1 3 _aFruit juices
_9148584
700 1 _aPonce Hernández, Pedro
_ecoordinador
_990789
700 1 _aCampos Pineda, Juvenal
_9158580
_ecolaborador
700 1 _aGarcía Nava, José Rodolfo
_946365
_ecolaborador
700 1 _aGranados Pinon, Luis Gerardo
_9159674
_ecolaborador
901 _aT.C.101 P66 ETIPA 1980
902 _aM
905 _a5232271980 mx aie 8223223322spa16
942 _2local
942 _cVE
999 _c176879
_d176879